000 00874nas a2200301 4500
001 BR2013007354
003 BR-BrBNA
005 20231205122922.0
007 ta
008 230509b bl.|||p| |||| 00| 00por d
040 _aBR-BrBNA
_bpor
_cBiblioteca Nacional de Agricultura
041 _a(Pt)
072 _aF01
100 1 _aLima, R.
100 1 _aInoue, M.T.
100 1 _aFigueiredo Filho, A.
100 1 _aAraujo, A.J. de
100 1 _aMachado, S. do A.
245 1 _aEfeito do espaçamento no desenvolvimento volumétrico de Pinus taeda L.
650 _aPINHEIRO
650 _aPINUS TAEDA
650 _aCRESCIMENTO
650 _aESPAÇAMENTO
650 _aPRODUÇÃO
773 0 _tFloresta e Ambiente (Brazil)
_xISSN 1415-0980
_g(Apr-Jun 2013), v. 20(2) p. 223-230
_wBR2013007354
909 _a202311
_bLúcia
_c55
_dLúcia Elande
942 _2AGRIS
_n0
_cANA
999 _c231264
_d231264